000 00419nam a2200157Ia 4500
008 231120s2022 xx 000 0 und d
020 _a9789388178587
041 _aeng
082 _a610.73
_bGOP
100 _aGOPICHANDRAN
245 _aESSENTIALS OF COMMUNICATION & EDUCATION TECHNOLOGY FOR BSC NURSING
250 _a2nd Edition
260 _bC B S
_c2022
300 _a304
650 _aCOMMUNICATION & EDUCATION
999 _c934619
_d934619